000 00420nab a2200145Ia 4500
003 ES-SlBCS
005 20210601132853.0
008 140529s1964 xxu||||| |||| 00| 0 ita d
041 _aita
100 1 _aEbner, Pietro
_9199679
245 0 0 _aSenofane a Velia
_c Pietro Ebner
650 0 4 _aSenófanes de Colofone
_9199680
773 0 _tGiornali di Metafisica
_gvol. 19, nº. 6, 1964, págs. 797-81
_w0017-0372
942 _cAR
999 _c586960
_d586960